| 000 | 00524nam a2200205Ia 4500 | ||
|---|---|---|---|
| 008 | 230125s9999 xx 000 0 und d | ||
| 041 | _aeng | ||
| 082 |
_a657.8333 _bICF |
||
| 100 | _aICFAI | ||
| 245 | _aFinancial and cost accounting | ||
| 250 | _a1st Ed. | ||
| 260 |
_c1995 _bICFAI publication _aHyderabad |
||
| 300 | _a607p | ||
| 440 | _aICFAI | ||
| 500 | _aFinancial accounting ,Cost accounting | ||
| 500 | _aCost accounting;ICFAI Series Book | ||
| 650 | _aAccounting | ||
| 700 | _aICFAI | ||
| 999 |
_c91760 _d91760 |
||